000 00351nam a22001457a 4500
003 MACL
005 20191201161835.0
008 191201b xxu||||| |||| 00| 0 eng d
040 _c MACL
100 _aDewey, john
_94967
245 _aDemocracy and Education
260 _aDelhi
_bAlpha Editions
_c2018
650 _aEdution
_977408
942 _2ddc
_cBK
999 _c61486
_d61486